| 000 | 00590nam a22001697a 4500 | ||
|---|---|---|---|
| 003 | MACL | ||
| 005 | 20160522103206.0 | ||
| 008 | 160522b xxu||||| |||| 00| 0 eng d | ||
| 040 | _cMACL | ||
| 041 | _aHindi | ||
| 082 | _a891.433 NAU | ||
| 100 |
_aनौटियाल, विधासागर _958625 |
||
| 245 |
_aझुण्ड से बिछुडा _cविधासागर नौटियाल |
||
| 260 |
_aनई दिल्ली _bसाक्ष्ारा प्रकाशन _c2009 |
||
| 650 |
_aउपन्यास _958626 |
||
| 942 |
_2ddc _cHIN |
||
| 999 |
_c54055 _d54055 |
||